01054 2200205 4500001002100000005001500021008004100036020001500077035001900092041000800111082001100119084001700130100002400147245005100171260002900222300004300251500009200294520041500386650004700801INLIS00000000000727420200508203914200508||||||||| | ||| |||| ||ind|| a9795236344 0010-0520007274 aind0 a344.01 a344.01/RAK/S0 aRedaksi Dian Rakyat00aSeri Kumpulan Peraturan Buruh dan Tenaga Kerja aJakartabVisimediac2003 avol.; 21cm + 1 CD-ROMc21cm + 1 CD-ROM aBeserta CD-ROM Vol. I 520456745DC35B9F(c1); 8407760164DD891B(c2); 89C832E4214A8C6E(c3). aSeperti kita ketahui, permasalahan buruh dan tenaga kerja selalu krusial bagi negara-negara berkembang seperti Indonesia. Buruh dan tenaga kerja selalu dikonotasikan dengan murah terutama berkaitan dengan investasi Khususnya bagi Indonesia, permasalahannya semakin kompleks ketika krisis ekonomi tidak kunjung selesai. Oleh sebab itu, dibuatlah buku ini sebagai acuan peraturan mengenai buruh dan tenaga kerja. 0aTenaga kerja - Undang-undang dan Peraturan